[Event "RUS-Cup5"]
[Site "Ekaterinburg"]
[Date "1997.??.??"]
[Round "7"]
[White "Isaev, Jamshed"]
[Black "Irzhanov, Ruslan"]
[Result "0-1"]
[WhiteElo "2445"]
[BlackElo "2550"]

1.d4 Nf6 2.c4 g6 3.Nc3 Bg7 4.e4 d6 5.Nf3 O-O 6.Be2 e5 7.O-O Nc6 8.d5 Ne7
9.b4 Ne8 10.c5 f5 11.Nd2 fxe4 12.Ndxe4 Nf5 13.Bc4 h6 14.Ba3 a6 15.Rc1 Kh8
16.Bb2 Qh4 17.Qd3 Qe7 18.a4 Nf6 19.Nxf6 Bxf6 20.Ne4 Bg7 21.Ba3 h5 22.Rce1 Bd7
23.b5 axb5 24.axb5 Ra4 25.b6 cxb6 26.cxd6 Qd8 27.Bb2 Be8 28.Bb3 Ra6 29.Nd2 Qxd6
30.Nc4 Bb5 31.Kh1 Kh7 32.Re4 Qc5 33.Bxe5 Bxe5 34.Rxe5 Qd4 35.Qe2 Ra1 36.Rxa1 Qxa1+
37.Qe1 Qxe1+ 38.Rxe1 Nd4 39.Ba2 Rxf2 40.Ra1 Nc2 41.Kg1 Rf4 42.g3 Rd4 43.Rc1 Bxc4
44.Bxc4 Rxc4 45.d6 Kg7 46.d7 Rd4 47.Rxc2 Rxd7 48.Kf2 Kf6 49.Ke3 Ke5 50.Rb2 Rd6
51.Rb5+ Ke6 52.Ke4 Kd7 53.Rb2 Kc6 54.Rc2+ Kb5 55.Rc1 Rd2 56.h4 Ka4 57.Ra1+ Kb3
58.Rb1+ Rb2 59.Rf1 b5 60.Rf6 b4 61.Rxg6 Re2+  0-1

[Event "RUS-Cup5"]
[Site "Ekaterinburg"]
[Date "1997.??.??"]
[Round "9"]
[White "Ulibin, Mikhail"]
[Black "Iskusnyh, Sergei"]
[Result "1-0"]
[WhiteElo "2555"]
[BlackElo "2440"]

1.d4 Nf6 2.c4 g6 3.Nc3 Bg7 4.e4 d6 5.Be2 O-O 6.Nf3 e5 7.O-O Nc6 8.d5 Ne7
9.Nd2 a5 10.a3 Bd7 11.b3 c6 12.Bb2 Bh6 13.c5 cxd5 14.cxd6 Nc8 15.Nxd5 Nxd5
16.exd5 f6 17.a4 Bxd2 18.Qxd2 Nxd6 19.Ba3 Bf5 20.b4 Rf7 21.bxa5 g5 22.Bb4 Rd7
23.Rac1 Kg7 24.Rfd1 Bg6 25.Qb2 Rxa5 26.Bxa5 Qxa5 27.Bb5 Re7 28.Qa3 Qd8 29.Qb4 h5
30.a5 e4 31.Bf1 Rd7 32.Qb6 Qe7 33.Bb5 Nxb5 34.Qxb5 h4 35.d6 Rxd6 36.Rxd6 Qxd6
37.Qxb7+ Kh6 38.a6 e3 39.fxe3 Qd2 40.Rf1 h3 41.Qf3 hxg2 42.Rd1 Qc2 43.a7 Be4
44.Qxf6+ Kh5 45.Qf7+ Kg4 46.Qd7+ Kh4 47.a8=Q  1-0

[Event "Momotov mem"]
[Site "Enakievo"]
[Date "1997.??.??"]
[Round "?"]
[White "Dumitrache, Dragos"]
[Black "Bagaturov, Giorgi"]
[Result "1/2-1/2"]
[WhiteElo "2495"]
[BlackElo "2475"]

1.d4 Nf6 2.c4 g6 3.Nc3 Bg7 4.e4 d6 5.Be2 O-O 6.Nf3 e5 7.O-O Nc6 8.d5 Ne7
9.b4 Nh5 10.Re1 f5 11.Ng5 Nf6 12.Bf3 c6 13.b5 cxd5 14.cxd5 h6 15.Ne6 Bxe6
16.dxe6 fxe4 17.Nxe4 Nxe4 18.Bxe4 d5 19.Ba3 dxe4 20.Qxd8 Rfxd8 21.Bxe7 Re8
22.Bc5 b6 23.Be3 Rxe6 24.Rac1 Kf7 25.Red1 Bf6 26.Rc4 Rd8 27.Rxd8 Bxd8 28.Ra4 Re7
29.Kf1 g5 30.Rxe4 Kf6 31.Ke2 Kf5 32.Rc4 Rc7 33.Kd3 Rd7+ 34.Kc2 e4 35.h3 h5
36.Rc6 Rd3 37.Rc3 Rd7 38.Rc6 Rd3 39.Rc3 Rd7  1/2-1/2

[Event "Momotov mem"]
[Site "Enakievo"]
[Date "1997.??.??"]
[Round "?"]
[White "Shneider, Aleksandr"]
[Black "Iordachescu, Viorel"]
[Result "1-0"]
[WhiteElo "2565"]
[BlackElo "2485"]

1.d4 Nf6 2.c4 g6 3.Nc3 Bg7 4.e4 d6 5.Be2 O-O 6.Nf3 e5 7.O-O Nc6 8.d5 Ne7
9.b4 a5 10.Ba3 axb4 11.Bxb4 b6 12.a4 Ne8 13.Nb5 Bd7 14.Nd2 f5 15.Bf3 Kh8
16.Bc3 Rb8 17.Rb1 Ng8 18.a5 bxa5 19.Bxa5 Ngf6 20.Nc3 Ra8 21.Bb4 Bh6 22.c5 Bxd2
23.Qxd2 fxe4 24.Nxe4 Bf5 25.Rbe1 Bxe4 26.Bxe4 Nxe4 27.Rxe4 Nf6 28.Ree1 Nh5
29.g3 Rf3 30.Kg2 Rb3 31.f4 Ra4 32.Bc3 Raa3 33.Rf3 Qa8 34.Kg1 Ra2 35.Qd1 Qa3
36.Qxb3 Qxc5+ 37.Rfe3 Ra3 38.Qxa3  1-0

[Event "Schachschule Erlangen op"]
[Site "Erlangen"]
[Date "1997.??.??"]
[Round "4"]
[White "Bous, Florian"]
[Black "Zwanzger, Johannes"]
[Result "1-0"]
[WhiteElo "2001"]
[BlackElo "2230"]

1.d4 Nf6 2.c4 d6 3.Nc3 g6 4.Nf3 Bg7 5.e4 O-O 6.Be2 e5 7.O-O Nc6 8.d5 Ne7
9.Nd2 Nd7 10.b4 a5 11.bxa5 Rxa5 12.Nb3 Ra8 13.Be3 b6 14.a4 f5 15.f3 f4 16.Bf2 h5
17.Nb5 Nc5 18.Nxc5 bxc5 19.a5 Kh7 20.Ra3 Ra6 21.Qd2 Bh6 22.Rb1 g5 23.Qd1 Rg8
24.Be1 g4 25.Nc3 Bd7 26.Rb7 g3 27.Nb5 gxh2+ 28.Kh1 Bh3 29.Bf1 Bxg2+ 30.Bxg2 Rxg2
31.Kxg2 Qc8 32.Rxc7 h1=Q+ 33.Kxh1 Qh3+ 34.Kg1 Ra8 35.Rxe7+ Kh8 36.Rg7 Bxg7
37.Ra2 Bf6 38.Rg2  1-0

[Event "Feldbach op"]
[Site "Feldbach"]
[Date "1997.??.??"]
[Round "3"]
[White "Stanec, Nikolaus"]
[Black "Gross, David"]
[Result "1-0"]
[WhiteElo "2505"]
[BlackElo "2360"]

1.d4 Nf6 2.c4 g6 3.Nc3 Bg7 4.e4 d6 5.Be2 O-O 6.Nf3 e5 7.O-O Nc6 8.d5 Ne7
9.Ne1 Nd7 10.Be3 f5 11.f3 f4 12.Bf2 g5 13.g4 h5 14.h3 Kf7 15.Nd3 Rh8 16.Kg2 Ng6
17.Rh1 hxg4 18.hxg4 Nh4+ 19.Kf1 Ng6 20.Rxh8 Qxh8 21.Ke1 a6 22.Kd2 Bf8 23.Qh1 Qxh1
24.Rxh1 Be7 25.Kc2 Nf6 26.c5 Bd7 27.b4 Rh8 28.Rxh8 Nxh8 29.Nb2 Ke8 30.Nc4 Nf7
31.Na5 dxc5 32.bxc5 Nd8 33.Kd3 Bc8 34.Bd1 Nd7 35.Na4 Kf7 36.Bb3 Kf6 37.Bc4 Nf8
38.Nc3 Kg7 39.Bb3 Nd7 40.Na4 Kf6 41.Nc4 Nf7 42.Bg1 Bf8 43.Kc3 Be7 44.Na5 Nd8
45.Bf2 Nb8 46.Nb2 Nd7 47.Nd3 b6 48.cxb6 cxb6 49.Nc6 Nf7 50.Nxe7 Kxe7 51.Ba4 b5
52.Bb3 Kd6 53.Kb4 Nd8 54.Nc5 Nb8 55.a4 bxa4 56.Bxa4 Nf7 57.Ka5 Nh6 58.Bd1 Kc7
59.Be2 Nf7 60.Be1 Nd6 61.Bc3 Nf7 62.Bb2 Kd6 63.Ba3 Kc7 64.Nd3 Bd7 65.Nf2 Nd8
66.Kb4 Nf7 67.Nh3 Bc8 68.Ka5 Kd8 69.Bc4 Bd7 70.Bc5 Be8 71.Ba7 Kc7 72.Be2 Kb7
73.Bc5 Nd8 74.Kb4 a5+ 75.Kc3 Nf7 76.Be7  1-0

[Event "Fencible Masters"]
[Site "Fencible"]
[Date "1997.??.??"]
[Round "4"]
[White "Small, Vernon A"]
[Black "Smith, Robert W"]
[Result "1-0"]
[WhiteElo "2330"]
[BlackElo "2300"]

1.d4 Nf6 2.c4 g6 3.Nc3 Bg7 4.e4 d6 5.Nf3 O-O 6.Be2 e5 7.O-O Nc6 8.d5 Ne7
9.b4 a5 10.Ba3 axb4 11.Bxb4 Nd7 12.a4 h6 13.Nd2 f5 14.f3 h5 15.Kh1 Bh6 16.Nb3 Nf6
17.c5 fxe4 18.fxe4 Bg4 19.a5 Kh7 20.Qd3 Qd7 21.h3 Bxe2 22.Nxe2 h4 23.cxd6 cxd6
24.Nd2 Nh5 25.Nc4 Rxf1+ 26.Rxf1 Nc8 27.Be1 Qe7 28.Qf3 Nf4 29.Nxf4 Bxf4 30.Qg4 Bg5
31.Bf2 Kg7 32.Rb1 Bf6 33.Rc1 Qd8 34.Nb6 Nxb6 35.Bxb6 Qe8 36.Rc7+ Kh8 37.Kh2 Rb8
38.Rd7 Be7 39.Bc7 Rc8 40.Rxe7  1-0

[Event "FIN-chT 9697 Division-C"]
[Site "FIN"]
[Date "1997.??.??"]
[Round "7.5"]
[White "Paldanius, Pekka"]
[Black "Saastamoinen, Aarne"]
[Result "1/2-1/2"]
[WhiteElo "2260"]
[BlackElo "2180"]

1.d4 Nf6 2.Nf3 g6 3.c4 Bg7 4.Nc3 d6 5.e4 O-O 6.Be2 e5 7.O-O Nc6 8.d5 Ne7
9.Bg5 h6 10.Bxf6 Bxf6 11.b4 Bg7 12.c5 f5 13.Nd2 fxe4 14.Ndxe4 Nf5 15.Bd3 Nd4
16.Rc1 Bf5 17.Ne2 h5 18.Qd2 Nxe2+ 19.Qxe2 Bh6 20.Rc3 Rf7 21.a4 Kg7 22.a5 Qe7
23.a6 b6 24.cxb6 cxb6 25.Rc6 Bxe4 26.Bxe4 Rd8 27.g3 Qg5 28.Qd3 h4 29.Kg2 hxg3
30.hxg3 Qf6 31.Rc2 Bg5 32.Rh1 Rg8 33.Qe2 Rh8 34.Rxh8 Kxh8 35.Qg4 Kg7 36.Qc8 Qe7
37.Qh3 Qf6 38.f3 Bh6 39.Rc8 Qe7 40.Qg4 Qf6 41.Bxg6 Re7 42.Bh7+ Bg5 43.Rg8+ Kxh7
44.Rxg5 Rg7 45.Qh3+ Kg8 46.Qc8+ Kh7 47.Rxg7+ Kxg7 48.Qb7+ Kg6 49.Qxa7 e4
50.fxe4 Qb2+ 51.Kh3 Qh8+ 52.Kg2 Qb2+ 53.Kf3 Qf6+ 54.Kg2 Qb2+  1/2-1/2

[Event "FIN-chT 9798"]
[Site "Finland"]
[Date "1997.??.??"]
[Round "5"]
[White "Salo, Heikki"]
[Black "Fieandt, John"]
[Result "1-0"]
[WhiteElo "2290"]
[BlackElo "2205"]

1.d4 Nf6 2.c4 g6 3.Nc3 Bg7 4.e4 d6 5.Be2 O-O 6.Nf3 e5 7.O-O Nc6 8.d5 Ne7
9.Nd2 Ne8 10.b4 f5 11.f3 f4 12.c5 g5 13.Nc4 Rf6 14.a4 h5 15.Ba3 Rg6 16.a5 g4
17.Ra2 Kh8 18.Qd3 Ng8 19.Rc1 Qh4 20.Bd1 Nh6 21.b5 dxc5 22.Bxc5 Nd6 23.Nxd6 cxd6
24.Ba3 Bf6 25.Qf1 gxf3 26.Qxf3 Be7 27.Nb1 Bg4 28.Qf2 Qg5 29.Bf3 Bxf3 30.Qxf3 Ng4
31.Nd2 Ne3 32.Nf1 Rag8 33.Nxe3 fxe3 34.Rcc2 Rf8 35.Qh3 Rgf6 36.Ra1 Rf2 37.Rxf2 exf2+
38.Kf1 Qg4 39.Qxg4 hxg4 40.Ra2 Bh4 41.g3 Bd8 42.Bxd6  1-0

[Event "FRA-chT9697 groupe B"]
[Site "France"]
[Date "1997.??.??"]
[Round "2"]
[White "Sulipa, Aleksandar"]
[Black "Hebden, Mark"]
[Result "0-1"]
[WhiteElo "2400"]
[BlackElo "2515"]

1.d4 Nf6 2.c4 g6 3.Nc3 Bg7 4.e4 d6 5.Nf3 O-O 6.Be2 e5 7.O-O Nc6 8.d5 Ne7
9.b4 Kh8 10.a4 Neg8 11.Nd2 Ne8 12.Ba3 f5 13.c5 Nh6 14.Nc4 f4 15.a5 g5 16.f3 Rf6
17.h3 Rg6 18.Kf2 g4 19.fxg4 Qh4+ 20.Kg1 Nf7 21.Qe1 Qe7 22.Bf3 Bf6 23.Ne2 h5
24.gxh5 Rg8 25.Kh1 Bh4 26.Qd2 Bg3 27.Bb2 Qh4 28.Bg4 Bxg4 29.Nxg3 f3 30.Qf4 fxg2+
31.Kxg2 Bxh3+ 32.Kh2 Rg4 33.Nxe5 Bxf1+  0-1

[Event "FRA-chT9697 groupe A"]
[Site "France"]
[Date "1997.??.??"]
[Round "3"]
[White "Rausis, Igors"]
[Black "Relange, Eloi"]
[Result "1/2-1/2"]
[WhiteElo "2495"]
[BlackElo "2480"]

1.d4 Nf6 2.Nf3 g6 3.c4 Bg7 4.Nc3 O-O 5.e4 d6 6.Be2 e5 7.O-O Nc6 8.dxe5 dxe5
9.Bg5 Qxd1 10.Rfxd1 h6 11.Be3 Bg4 12.Rd3 Rfd8 13.Rad1 Rxd3 14.Rxd3 Ne8 15.Kf1 Bxf3
16.Bxf3 Nd4 17.Nb5 c5 18.Ra3 Nc2 19.Rxa7 Rxa7 20.Nxa7 Nxe3+ 21.fxe3 Nd6 22.b3 Bf6
23.Ke2 Bd8 24.Kd3 Kf8 25.b4 Bb6 26.bxc5 Bxc5 27.Nb5 Nxb5 28.cxb5 Ke7 29.Bd1 b6
30.Bb3 Bb4 31.Kc4 Ba5 32.Kd5 f6 33.Kc6 g5 34.Bd1 Ke6 35.Bh5 Ke7 36.Kc7 Kf8
37.Kd6 Kg7 38.a4 Bb4+ 39.Kd5 Ba5 40.Ke6 Bb4 41.Bd1 Ba5  1/2-1/2

[Event "FRA-chT9697 groupe A"]
[Site "France"]
[Date "1997.??.??"]
[Round "7"]
[White "Daly, Colm"]
[Black "Nataf, Igor Alexandre"]
[Result "1-0"]
[WhiteElo "2315"]
[BlackElo "2410"]

1.d4 Nf6 2.c4 g6 3.Nc3 Bg7 4.e4 d6 5.Nf3 O-O 6.Be2 e5 7.O-O Nc6 8.d5 Ne7
9.a4 Nh5 10.a5 h6 11.Re1 c5 12.Ra3 Nf6 13.Rf1 Nd7 14.Ne1 f5 15.f3 f4 16.Nd3 g5
17.Bd2 Ng6 18.Na4 Rf7 19.b4 b6 20.Nc3 Nf6 21.bxc5 dxc5 22.a6 Bf8 23.Nf2 b5
24.h3 Rg7 25.Nxb5 Ne8 26.Qc2 Nh4 27.Rb1 Qf6 28.Qd1 Qg6 29.Be1 Nf6 30.Nc3 Be7
31.Rb2 Kh8 32.Rab3 Bxa6 33.Qa1 Bc8 34.Rb8 Rxb8 35.Rxb8 Qe8 36.Qxa7 Nd7 37.Ra8 Rg8
38.Nb5 Nf6 39.Rxc8 Qxc8 40.Qxe7 Rd8  1-0

[Event "Frydek-Mistek op-A"]
[Site "Frydek-Mistek"]
[Date "1997.??.??"]
[Round "7"]
[White "Szymanski, Andrzej"]
[Black "Zimmerman, Yuri"]
[Result "1-0"]
[WhiteElo "2240"]
[BlackElo "2410"]

1.d4 Nf6 2.c4 g6 3.Nc3 Bg7 4.e4 d6 5.Nf3 O-O 6.Be2 e5 7.O-O Nc6 8.Be3 Re8
9.dxe5 dxe5 10.Qxd8 Nxd8 11.Nb5 Ne6 12.Ng5 Re7 13.Rfd1 b6 14.a4 Bb7 15.Nxe6 fxe6
16.f3 Kf7 17.a5 a6 18.Nc3 bxa5 19.Rxa5 Nd7 20.b4 Nb8 21.b5 axb5 22.Rxa8 Bxa8
23.cxb5 c6 24.b6 Rd7 25.Rxd7+ Nxd7 26.Ba6  1-0

[Event "Arnold mem"]
[Site "Gausdal"]
[Date "1997.??.??"]
[Round "3"]
[White "Bjerke, Richard"]
[Black "Ivanov, Mikhail M"]
[Result "0-1"]
[WhiteElo "2270"]
[BlackElo "2445"]

1.d4 Nf6 2.c4 g6 3.Nc3 Bg7 4.e4 d6 5.Nf3 O-O 6.Be2 e5 7.O-O Nc6 8.d5 Ne7
9.b4 a5 10.Ba3 Nd7 11.bxa5 Rxa5 12.Bb4 Ra6 13.a4 Bh6 14.a5 f5 15.Nd2 Nc5
16.Bxc5 Bxd2 17.Qxd2 dxc5 18.f4 exf4 19.Qxf4 fxe4 20.Qxf8+ Qxf8 21.Rxf8+ Kxf8
22.Nxe4 b6 23.Rf1+ Kg7 24.axb6 cxb6 25.Nd6 Kg8 26.Ne8 Nf5 27.Bd3 Ra3 28.Be4 Ne3
29.Re1 Kf8 30.Nd6 Ba6 31.Nb5 Bxb5 32.cxb5 Nc4 33.Bf3 Rb3 34.Re6 Re3 35.Rc6 Ke7
36.d6+ Nxd6 37.Rxb6 Rb3 38.Bc6 c4 39.Bd5 Rb1+ 40.Kf2 c3 41.Rc6 Nxb5 42.Be4 Rc1
43.Bd3 Na3 44.Rc7+ Kd6 45.Rxh7 c2 46.Kg3 Re1 47.Bxc2 Nxc2 48.Rh6 Re6 49.Kf4 Ke7
50.Kg5 Kf7 51.Rh7+ Kg8 52.Rc7 Ne1 53.Rc8+ Kf7 54.Rc7+ Kf8 55.Rc8+ Ke7 56.Rc7+ Kd6
57.Rg7 Re2 58.Rxg6+ Ke5 59.h4 Nxg2 60.Ra6 Nf4 61.Ra5+ Nd5 62.Kg4 Re4+ 63.Kg3 Rd4
64.h5 Kf5 65.h6 Rd3+ 66.Kf2 Kg6 67.Ra6+ Nf6 68.Ke2 Rh3 69.Rb6 Kf5 70.Ra6 Rxh6
71.Ra5+ Kf4 72.Kd3 Ne4 73.Ra8 Nf6 74.Ra5 Rh3+ 75.Kc4 Ke4 76.Ra8 Nd7 77.Re8+ Ne5+
78.Kb4 Rd3 79.Rh8 Rd4+ 80.Kb3 Nf3 81.Rf8 Ke3 82.Re8+ Kd3 83.Rh8 Nd2+ 84.Ka3 Kc2
85.Rh2 Rf4 86.Rg2 Rh4 87.Rf2 Kc3 88.Rg2 Nc4+ 89.Ka2 Nd2 90.Rg3+ Kc2 91.Ra3 Nb1
92.Ra8 Rb4 93.Ka1 Nc3 94.Rb8 Ra4+  0-1

[Event "BL2-W9798"]
[Site "Germany"]
[Date "1997.??.??"]
[Round "?.2"]
[White "Berresheim, Helmut"]
[Black "Relange, Eloi"]
[Result "0-1"]
[WhiteElo "2225"]
[BlackElo "2505"]

1.d4 Nf6 2.c4 g6 3.Nc3 Bg7 4.e4 d6 5.Nf3 O-O 6.Be2 e5 7.O-O Nc6 8.d5 Ne7
9.Nd2 Ne8 10.b4 f5 11.c5 Kh8 12.f3 h5 13.Nc4 f4 14.Ba3 g5 15.b5 b6 16.cxd6 cxd6
17.Bb4 Ng8 18.a4 Nh6 19.a5 Rb8 20.axb6 axb6 21.Na4 g4 22.fxg4 hxg4 23.g3 Rf6
24.Naxb6 f3 25.Bd3 Nf7 26.Nxc8 Qxc8 27.Na5 Bh6 28.Nc6 Rb7 29.Bd2 Ng5 30.Bxg5 Bxg5
31.Qe1 Rh7 32.Ra2 Qb7 33.Qf2 Rfh6 34.Rfa1 Rxh2 35.Qxh2 Qb6+ 36.Kh1 Qe3 37.Qxh7+ Kxh7
38.Rh2+ Kg6 39.Bc2 Ng7 40.b6 Nh5 41.Rxh5 Kxh5 42.b7 Qf2 43.Rg1 Be3  0-1

[Event "BL9697 (Women)"]
[Site "Germany"]
[Date "1997.??.??"]
[Round "?"]
[White "Prudnikova, Svetlana"]
[Black "Kucypera, Anna"]
[Result "1-0"]
[WhiteElo "2385"]
[BlackElo "2020"]

1.d4 Nf6 2.c4 g6 3.Nc3 Bg7 4.e4 d6 5.Be2 O-O 6.Nf3 e5 7.O-O Nc6 8.d5 Ne7
9.b4 Nd7 10.Nd2 f5 11.f3 f4 12.c5 g5 13.Nc4 Nf6 14.a4 Ng6 15.Ba3 Rf7 16.b5 Bf8
17.b6 axb6 18.cxb6 Bd7 19.bxc7 Qxc7 20.Qb3 h5 21.Nb6 Rd8 22.a5 g4 23.Nb5 Bxb5
24.Bxb5 Rg7 25.Kh1 Nh4 26.Rg1 Qf7 27.Bb4 Kh8 28.Be1 Ng6 29.Be2 Be7 30.Rc1 Nf8
31.Rc7 N8d7 32.Nxd7 Nxd7 33.Qxb7 Nc5 34.Qb2 Rdg8 35.Bh4 Qf8 36.Bxe7 Rxe7
37.Rxe7 Qxe7 38.Qb6 h4 39.a6 h3 40.gxh3 g3 41.a7 Qg5 42.Rg2 Rc8 43.Bc4 Nxe4
44.fxe4 f3 45.Rxg3 Qc1+ 46.Rg1 Qh6 47.Qb7 Qf8 48.Rg4  1-0

[Event "BL9697 (Women)"]
[Site "Germany"]
[Date "1997.??.??"]
[Round "?"]
[White "Peng, Zhaoqin"]
[Black "Kachiani Gersinska, Ketino"]
[Result "1-0"]
[WhiteElo "2410"]
[BlackElo "2390"]

1.d4 Nf6 2.c4 g6 3.Nc3 Bg7 4.e4 d6 5.Nf3 O-O 6.Be2 e5 7.O-O Nc6 8.d5 Ne7
9.b4 a5 10.bxa5 c5 11.Bd2 Rxa5 12.Rb1 Ra6 13.Rb3 h6 14.Qc1 Kh7 15.Ra3 Nfg8
16.Rxa6 bxa6 17.Qc2 Kh8 18.Rb1 f5 19.Rb8 Nf6 20.Bd3 f4 21.Na4 Nd7 22.Rb3 g5
23.Qb1 Ng6 24.Ne1 g4 25.Nb6 Nxb6 26.Rxb6 Qf6 27.Qd1 h5 28.Bf1 Bh6 29.Nd3 Kh7
30.Rc6 Ne7 31.Rc7 Rf7 32.Bc3 g3 33.Qxh5 gxf2+ 34.Nxf2 f3 35.g3 Rg7 36.Bd2 a5
37.Bxh6 Qxh6 38.Qxh6+ Kxh6 39.Nd1 a4 40.Nc3 a3 41.Nb5 f2+ 42.Kxf2 Rf7+ 43.Ke1 Bg4
44.Be2 Bh3 45.Nxa3  1-0

[Event "BL2-O9697"]
[Site "Germany"]
[Date "1997.??.??"]
[Round "?.6"]
[White "Bauer, A."]
[Black "Rupp, Markus"]
[Result "1-0"]
[WhiteElo "2230"]
[BlackElo "2235"]

1.d4 Nf6 2.c4 g6 3.Nc3 Bg7 4.e4 d6 5.Be2 O-O 6.Nf3 e5 7.O-O Nc6 8.d5 Ne7
9.Ne1 Nd7 10.Nd3 f5 11.Bd2 Nf6 12.f3 f4 13.c5 g5 14.cxd6 cxd6 15.Nf2 h5 16.h3 Ng6
17.Qc2 Rf7 18.Rfc1 a6 19.a4 Bf8 20.a5 Bd7 21.Na4 Rc8 22.Qb3 Rxc1+ 23.Rxc1 Nh4
24.Nb6 Rg7 25.Be1 g4 26.fxg4 hxg4 27.Nxd7 f3 28.Nxf6+ Qxf6 29.Nxg4 Qf4 30.Rc2 fxe2
31.Bxh4 Qf1+ 32.Kh2 Be7 33.Bg3 Bg5 34.Qf3 Bf4 35.Rxe2  1-0

[Event "BL9697 (Women)"]
[Site "Germany"]
[Date "1997.??.??"]
[Round "?"]
[White "Mai, Iris"]
[Black "Fichtner, Kathrin"]
[Result "1-0"]
[WhiteElo "2185"]
[BlackElo "2140"]

1.d4 Nf6 2.Nf3 g6 3.c4 Bg7 4.Nc3 d6 5.e4 O-O 6.Be2 Nc6 7.O-O e5 8.Be3 a6
9.d5 Ne7 10.Nd2 Ne8 11.Rc1 f5 12.f3 f4 13.Bf2 g5 14.c5 dxc5 15.Bxc5 b6 16.Bb4 Rf6
17.a4 Kh8 18.Nc4 Ng6 19.Qc2 h5 20.Nd1 Rf7 21.Nf2 Bf6 22.Rfd1 Rh7 23.b3 Bd7
24.Qb2 a5 25.Bc3 Qe7 26.Nd3 g4 27.Ncxe5 Nxe5 28.Nxe5 gxf3 29.Ng6+  1-0

[Event "BL9697 (Women)"]
[Site "Germany"]
[Date "1997.??.??"]
[Round "?"]
[White "Fuchs, Antje"]
[Black "Hund, Isabel"]
[Result "0-1"]
[WhiteElo "2065"]
[BlackElo "2085"]

1.d4 Nf6 2.c4 g6 3.Nc3 Bg7 4.e4 d6 5.Nf3 O-O 6.Be2 e5 7.O-O Nc6 8.d5 Ne7
9.b4 Ne8 10.Nd2 f5 11.f3 f4 12.c5 g5 13.Nc4 h5 14.Ba3 Rf6 15.b5 Rg6 16.cxd6 cxd6
17.Bb4 g4 18.Rc1 Kh8 19.Qa4 b6 20.Rc2 Ng8 21.Qa3 g3 22.Rfc1 Qh4 23.h3 Bxh3
24.gxh3 g2 25.Nd1 Qxh3 26.Nf2 Qg3 27.Bxd6 h4 28.Ng4 Nxd6 29.Nxd6 Rxg4 30.Nf5 Qh3
31.fxg4 Qxa3 32.Kxg2 Nh6 33.Rc3 Qxa2 34.R1c2 Qa4 35.Rc4 Qb3 36.R4c3 Qb1 37.Nxh4 Qe1
38.Rh3 Kg8 39.d6 Rd8 40.Ng6 Nf7 41.Ne7+ Kf8 42.Nf5 Nxd6 43.Rd3 Nxf5 44.Rxd8+ Ke7
45.gxf5 Kxd8 46.Ra2 Bf6  0-1

[Event "BL2-S9798"]
[Site "Germany"]
[Date "1997.??.??"]
[Round "?.4"]
[White "Taggatz, Mario"]
[Black "Gross, David2"]
[Result "1/2-1/2"]
[WhiteElo "2235"]
[BlackElo "2305"]

1.d4 Nf6 2.c4 g6 3.Nc3 Bg7 4.e4 d6 5.Nf3 O-O 6.Be2 e5 7.O-O Nc6 8.d5 Ne7
9.Ne1 Nd7 10.Nd3 f5 11.Bd2 Nf6 12.f3 f4 13.g4 g5 14.Be1 h5 15.h3 Kf7 16.Kg2 Rh8
17.Bf2 Ng6 18.Rh1 Nh4+ 19.Bxh4 gxh4 20.c5 hxg4 21.hxg4 h3+ 22.Kh2 Bh6 23.Nf2 Nh5
24.gxh5 Qh4 25.Kg1 Rg8+ 26.Kf1 Rg2 27.Qe1 h2 28.Kxg2 Qg3+ 29.Kf1 Bh3+ 30.Nxh3 Qxh3+
31.Kf2 Qg3+ 32.Kf1  1/2-1/2

[Event "BL2-N9697"]
[Site "Germany"]
[Date "1997.??.??"]
[Round "?.6"]
[White "Gustafsson, Jan"]
[Black "Bornemann, Wolfram"]
[Result "1/2-1/2"]
[WhiteElo "2355"]
[BlackElo "2260"]

1.d4 Nf6 2.c4 g6 3.Nc3 Bg7 4.e4 d6 5.Nf3 O-O 6.Be2 e5 7.O-O Nc6 8.dxe5 dxe5
9.Bg5 Qe8 10.Nd5 Nxd5 11.cxd5 Nd4 12.Nxd4 exd4 13.Bd3 c6 14.Re1 Qe5 15.f4 Qd6
16.Qb3 Bd7 17.dxc6 Bxc6 18.e5 Qd7 19.f5 gxf5 20.Qc2 Be4 21.Bxe4 fxe4 22.Qxe4 Rfe8
23.Qf4 Re6 24.Bf6 Kh8 25.Bxg7+ Kxg7 26.Rad1 Rd8 27.Rd3 Rg6 28.Rg3 Qe6 29.Rd1 Rd5
30.Rxd4 Rxe5 31.h3 Rf5 32.Rxg6+ hxg6 33.Qd2 Re5 34.Rd8 Re2 35.Qd4+ Qe5 36.Qxe5+ Rxe5
37.Rd7 Rb5  1/2-1/2

[Event "BL2-N9697"]
[Site "Germany"]
[Date "1997.??.??"]
[Round "?.6"]
[White "Giemsa, Stephan"]
[Black "Rudolf, Henrik"]
[Result "1-0"]
[WhiteElo "2310"]
[BlackElo "2245"]

1.d4 g6 2.c4 Bg7 3.Nc3 d6 4.e4 Nf6 5.Nf3 O-O 6.Be2 e5 7.O-O Nc6 8.d5 Ne7
9.Nd2 a5 10.a3 Bd7 11.Ra2 c5 12.dxc6 Bxc6 13.b3 Bh6 14.Re1 Nc8 15.Bf1 Nb6
16.Nf3 Bxc1 17.Qxc1 Qe7 18.Rd2 Rfc8 19.Qd1 a4 20.b4 Be8 21.Rc2 Bd7 22.h3 Be6
23.Nd5 Bxd5 24.exd5 Qf8 25.Qd2 Qg7 26.Rec1 Re8 27.Qe3 Nbd7 28.Rd2 e4 29.Nd4 Re5
30.Nb5 Ne8 31.c5 f5 32.c6 Ndf6 33.c7 Rc8 34.Qb6 Qh6 35.Rdc2 Nxd5 36.Bc4 Kg7
37.Bxd5 Rxd5 38.Qxb7 Rxb5 39.Qxc8 Nxc7 40.Rxc7+ Kf6 41.Qd8+ Ke5 42.Qe8+ Kf4  1-0

[Event "Landesliga Nord 9697 Bayern"]
[Site "Germany"]
[Date "1997.??.??"]
[Round "?"]
[White "Vodicka, Vlastimil"]
[Black "Gietl, Thomas"]
[Result "1/2-1/2"]
[WhiteElo "2220"]
[BlackElo "2200"]

1.Nf3 Nf6 2.d4 g6 3.c4 Bg7 4.Nc3 O-O 5.e4 d6 6.Be2 e5 7.O-O Nc6 8.Be3 Re8
9.dxe5 dxe5 10.Qxd8 Nxd8 11.Nb5 Ne6 12.Ng5 Re7 13.Nxa7 Nd4 14.Bxd4 exd4 15.Nxc8 Rxc8
16.f3  1/2-1/2

[Event "BL2-W9697"]
[Site "Germany"]
[Date "1997.??.??"]
[Round "?.7"]
[White "Von Gleich, Alexander"]
[Black "Koscielski, Janusch"]
[Result "1/2-1/2"]
[WhiteElo "2350"]
[BlackElo "2185"]

1.Nf3 g6 2.c4 Bg7 3.e4 d6 4.d4 Nf6 5.Nc3 O-O 6.Be2 e5 7.O-O Nc6 8.Be3 Re8
9.dxe5 dxe5 10.Qxd8 Nxd8 11.Nb5 Ne6 12.Ng5 Re7 13.Rfd1 a6 14.Nxe6 Bxe6 15.Nc3 c6
16.f3 Rd7 17.Rxd7 Nxd7 18.Rd1 Bf8 19.Nd5 Rc8 20.Nb6 Nxb6 21.Bxb6 Be7 22.Kf2 Kf8
23.a3 Ke8 24.c5 Bd8 25.Bxd8 Rxd8 26.Ke3 Rxd1 27.Bxd1 f6 28.Kd3 Kd7 29.Kc3 Kc7
30.Bb3 Bd7 31.Bc4 Kd8 32.Kb4 Kc7 33.Ka5 h6 34.Bg8 g5 35.Bf7 Bc8 36.Bh5 Be6
37.Bg4 Bc4 38.Kb4 Bf1 39.Bh3 Be2 40.Kc3 Kd8 41.Kd2 Bc4 42.Ke3 Bf7 43.Bf5 Kc7
44.Kd3  1/2-1/2

[Event "Landesliga Nord 9697 Bayern"]
[Site "Germany"]
[Date "1997.??.??"]
[Round "?"]
[White "Feist, Reiner"]
[Black "Redzepovic, Irfan"]
[Result "0-1"]
[WhiteElo "1975"]
[BlackElo "2100"]

1.d4 Nf6 2.c4 g6 3.Nc3 Bg7 4.e4 d6 5.Be2 O-O 6.Nf3 e5 7.O-O Nc6 8.d5 Ne7
9.Nd2 Ne8 10.b4 a5 11.bxa5 f5 12.f3 f4 13.Nb3 g5 14.Bd2 Nf6 15.Rc1 h5 16.Nb5 Rf7
17.c5 Ng6 18.cxd6 cxd6 19.Qc2 Ne8 20.a6 bxa6 21.Ba5 Qf6 22.Nc7 Nxc7 23.Bxc7 Bd7
24.Na5 g4 25.Nc4 g3 26.Nb6 Qh4 27.h3 Bxh3 28.gxh3 Rxc7 29.Nxa8 Rxc2 30.Rxc2 Qxh3
31.Bxa6 g2 32.Rxg2 Nh4 33.Rgf2 Qd7 34.Rc1 Nxf3+ 35.Rxf3 Qa7+ 36.Rf2 Qxa6
37.Nc7 Qa3 38.Rb1 Qg3+ 39.Rg2 Qe3+ 40.Kh2 f3 41.Rg3 Qe2+ 42.Kh3 f2  0-1

[Event "BL2-W9697"]
[Site "Germany"]
[Date "1997.??.??"]
[Round "?.4"]
[White "Jackelen, Thomas"]
[Black "Relange, Eloi"]
[Result "0-1"]
[WhiteElo "2390"]
[BlackElo "2480"]

1.Nf3 Nf6 2.c4 g6 3.Nc3 Bg7 4.e4 d6 5.d4 O-O 6.Be2 e5 7.O-O Nc6 8.Be3 Ng4
9.Bg5 f6 10.Bc1 Kh8 11.h3 exd4 12.Nb5 Nge5 13.Nbxd4 f5 14.Bg5 Nxf3+ 15.Nxf3 Qe8
16.exf5 Bxf5 17.Qd2 Qe4 18.Rfe1 Qc2 19.Bh6 Qxb2 20.Qxb2 Bxb2 21.Bxf8 Bxa1
22.Rxa1 Rxf8 23.g4 Be6 24.Kg2 b6 25.Kg3 Re8 26.Bf1 Kg7 27.a3 Bg8 28.Rc1 Na5
29.Rc3 h6 30.h4 Nc6 31.Rc1 Ne5 32.Re1 Bf7 33.Nd4 Kf8 34.Nb5 Nxc4 35.Rc1 Nd2
36.Bd3 c5 37.Rd1 Ne4+ 38.Bxe4 Rxe4 39.Rxd6 Ra4 40.Rd3 Be6 41.g5 Rg4+ 42.Kf3 Rxh4
43.Re3 Bd7  0-1

[Event "BL9798 (Women)"]
[Site "Germany"]
[Date "1997.??.??"]
[Round "?.2"]
[White "Horvath, Maria"]
[Black "Holoubkova, Martina"]
[Result "0-1"]
[WhiteElo "2060"]
[BlackElo "2280"]

1.d4 Nf6 2.c4 g6 3.Nc3 Bg7 4.e4 d6 5.Nf3 O-O 6.Be2 e5 7.O-O Nc6 8.d5 Ne7
9.Ne1 Nd7 10.Be3 f5 11.f3 Kh8 12.a4 f4 13.Bf2 g5 14.Nb5 a6 15.Na3 Ng8 16.g4 fxg3
17.hxg3 Ndf6 18.Ng2 g4 19.c5 Nh6 20.cxd6 cxd6 21.Nc4 gxf3 22.Bxf3 Bh3 23.Bb6 Qe7
24.Nce3 Nd7 25.Ba5 Qg5 26.Qe1 Nc5 27.Ra3 b5 28.axb5 axb5 29.Nc2 Ng4 30.Qe2 Bh6
31.Rfa1 Rac8 32.Nh4 Nf6 33.Be1 Ncxe4 34.Bxe4 Nxe4 35.Rf3 Rxf3 36.Nxf3 Qg4
37.Ne3 Bxe3+ 38.Qxe3 Nxg3 39.Kh2 Nf1+  0-1

[Event "Oberliga Nord W9798"]
[Site "Germany"]
[Date "1997.??.??"]
[Round "?.5"]
[White "Broeder, Iris"]
[Black "Doescher, Arne"]
[Result "1/2-1/2"]
[WhiteElo "2165"]
[BlackElo "2150"]

1.d4 Nf6 2.c4 g6 3.Nf3 Bg7 4.Nc3 O-O 5.e4 d6 6.Be2 e5 7.O-O Nc6 8.Be3 exd4
9.Nxd4 Re8 10.f3 Nh5 11.Nxc6 bxc6 12.Qd2 Qe7 13.Rae1 f5 14.Bd1 Be6 15.Bb3 Qf7
16.g4 Nf6 17.gxf5 gxf5 18.exf5 Bxf5 19.Kh1 Kh8 20.Rg1 Nd7 21.c5 d5 22.Nxd5 cxd5
23.Bxd5 Qf8 24.Rxg7 Qxg7 25.Bxa8 Rxa8 26.Bd4 Nf6 27.Qf4 Rd8 28.Rg1 Rxd4 29.Qxd4 Bg6
30.c6 Ng8 31.Qxa7 Qf6 32.Qf2 Ne7 33.Rc1 Be4 34.Rc3 Bxc6 35.Kg2 Ng6 36.Kf1 Ne5
37.Ke2 Bb5+ 38.Kd1 Nd3 39.Qg2 Qd6 40.Qd2 Nxb2+ 41.Kc2 Qxd2+ 42.Kxd2 c6 43.Rb3 Na4
44.Ke3 Kg7 45.Rb4 h5 46.a3 Kg6 47.h4 Nb6 48.Ke4 Kf6 49.Rb1 Nc4 50.Ra1 Nd6+
51.Kf4 Ba4 52.Rc1 Nf5 53.Rc5 Ng7 54.Ra5 Bb3 55.Ra8 Ne6+ 56.Ke3 c5 57.a4 Nd4
58.a5 Nf5+ 59.Kf4 Nxh4 60.a6 Nxf3 61.Rd8 Nd4 62.a7 Ne6+ 63.Kg3 Nxd8 64.a8=Q Ke7
65.Qa7+ Ke8 66.Qxc5 Bf7 67.Qc8 Be6 68.Qc1 Nf7 69.Qc5 Bg4 70.Kf4 Kd7 71.Qb6 Ke7
72.Ke4 Kf8 73.Qf6 Ke8  1/2-1/2